000 00585nam a22001937a 4500
003 OSt
005 20251216032127.0
008 251216b |||||||| |||| 00| 0 eng d
020 _a978-971-579-020
040 _aDWCL Main Lib.
_cOC
082 _aSC. 959.904 In62m 2010
245 _aAn invitation to Malacañan/
260 _aManila :
_bArtPostAsia Pte Ltd. ,
_cc2010
300 _a181 p. :
_bill. ( chiefly col.) ;
_c28 cm.
500 _aIncludes index.
650 _a1. Malacañang palace-History.
650 _a2. Malacañang Palace-Pictorial works.
942 _2ddc
_cSC
_kSC.
_n0
999 _c7106
_d7106